ბათუმის შოთა რუსთაველის სახელმწიფო უნივერსიტეტის ბიბლიოთეკა

Learning SQL:A Step by Step (ბიბ.ჩანაწერი № 46625)

000 -LEADER
fixed length control field 00547nam a2200229Ia 4500
001 - CONTROL NUMBER
control field 13465
003 - CONTROL NUMBER IDENTIFIER
control field GE_BSU
008 - FIXED-LENGTH DATA ELEMENTS--GENERAL INFORMATION
fixed length control field 181216s||||||||xx |||||||||||||| ||und||
020 ## - INTERNATIONAL STANDARD BOOK NUMBER
International Standard Book Number 0201773635
040 ## - CATALOGING SOURCE
Transcribing agency GE_BSU
080 ## - UNIVERSAL DECIMAL CLASSIFICATION NUMBER
Universal Decimal Classification number 004.42(075.8)
100 ## - MAIN ENTRY--PERSONAL NAME
Personal name Earp,Richard. Bagui,Sikha
245 ## - TITLE STATEMENT
Title Learning SQL:A Step by Step
245 ## - TITLE STATEMENT
Remainder of title Guide Using Oracle
260 ## - PUBLICATION, DISTRIBUTION, ETC.
Place of publication, distribution, etc. Boston
260 ## - PUBLICATION, DISTRIBUTION, ETC.
Name of publisher, distributor, etc. Addison Wesley
260 ## - PUBLICATION, DISTRIBUTION, ETC.
Date of publication, distribution, etc. 2003
300 ## - PHYSICAL DESCRIPTION
Extent 350p.23cm.
653 ## - INDEX TERM--UNCONTROLLED
Uncontrolled term Guide Using Oracle
653 ## - INDEX TERM--UNCONTROLLED
Uncontrolled term Learning SQL:A Step by Step
942 ## - ADDED ENTRY ELEMENTS (KOHA)
Koha item type წიგნი
ეგზემპლარები
Withdrawn status Lost status Damaged status Not for loan Date acquired Barcode Date last seen Price effective from Koha item type
        2018-12-17 36951 2018-12-17 2018-12-17 წიგნი